[Event "Manhem Chess Week GM 2011"]
[Site "www.ssmanhem.se"]
[Date "2011.08.17"]
[Round "5"]
[White "Berg, Emanuel"]
[Black "Bejtovic, Jasmin"]
[Result "1-0"]
[WhiteElo "2604"]
[BlackElo "2415"]
[PlyCount "119"]
[EventDate "2011.??.??"]
[SourceDate "2011.08.13"]

1. e4 c5 2. Nf3 Nc6 3. d4 cxd4 4. Nxd4 g6 5. Nc3 Bg7 6. Be3 Nf6 7. Bc4 Qa5 8.
O-O O-O 9. Nb3 Qc7 10. Bg5 a6 11. Be2 d6 12. Qd2 Be6 13. f4 b5 14. Bf3 Bc4 15.
Rfd1 Rac8 16. Kh1 Rfd8 17. Nd5 Nxd5 18. exd5 Bxb3 19. axb3 Nd4 20. Be4 Qb7 21.
Bh4 f5 22. Bd3 Qxd5 23. Bxe7 Re8 24. Bh4 Qb7 25. b4 Ne6 26. c3 d5 27. Rac1 Qc7
28. Bg3 h5 29. Bc2 d4 30. cxd4 Qd6 31. Bb3 Rxc1 32. Rxc1 Kh7 33. Re1 Qd7 34.
Bf2 Nc7 35. Rxe8 Nxe8 36. d5 Nd6 37. Bd4 Ne4 38. Qe3 Bxd4 39. Qxd4 Qc7 40. g3
Qc1+ 41. Kg2 Qe1 42. Bd1 Nd2 43. Qd3 Nc4 44. Be2 Qxb4 45. Qd4 Qe1 46. Bxc4 bxc4
47. Qxc4 Qd1 48. Qc7+ Kh6 49. Qe5 Kh7 50. d6 Qd2+ 51. Kh3 Qd1 52. Qe7+ Kh6 53.
Qf8+ Kh7 54. Qf7+ Kh6 55. Qf8+ Kh7 56. Qe7+ Kh6 57. d7 Qf1+ 58. Kh4 Qf2 59.
Qf8+ Kh7 60. Kg5 1-0

[Event "Manhem Chess Week GM 2011"]
[Site "www.ssmanhem.se"]
[Date "2011.08.18"]
[Round "6"]
[White "Semcesen, Daniel"]
[Black "Berg, Emanuel"]
[Result "1-0"]
[WhiteElo "2480"]
[BlackElo "2604"]
[PlyCount "115"]
[EventDate "2011.??.??"]
[SourceDate "2011.08.13"]

1. d4 Nf6 2. c4 g6 3. Nc3 Bg7 4. e4 d6 5. h3 O-O 6. Nf3 e5 7. d5 Nh5 8. g3 Qe8
9. Be2 f5 10. exf5 gxf5 11. Nh4 Nf6 12. Qc2 Na6 13. Be3 f4 14. gxf4 exf4 15.
Bd4 Nb4 16. Qd2 Ne4 17. Rg1 Rf7 18. Nxe4 Qxe4 19. Bxg7 Nc2+ 20. Kd1 Rxg7 21.
Rxg7+ Kxg7 22. Bf3 Qe7 23. Kxc2 Qxh4 24. Rg1+ Kh6 25. Bg4 Qg5 26. Kb3 b5 27.
cxb5 Bb7 28. Rd1 a6 29. bxa6 Rxa6 30. Bf3 Rb6+ 31. Kc2 Bc8 32. Re1 Bf5+ 33. Kd1
Bg6 34. h4 Qf6 35. Kc1 Rb5 36. Be4 Rc5+ 37. Kb1 Qxh4 38. Bxg6 hxg6 39. Qd4 Kh7
40. b4 Rb5 41. Re8 Rxb4+ 42. Qxb4 Qxf2 43. Re7+ Kh6 44. Rxc7 Qf1+ 45. Kb2 Qe2+
46. Rc2 Qe5+ 47. Kb1 g5 48. a4 f3 49. a5 Qxd5 50. a6 Qd3 51. Qc4 Qe3 52. Rh2+
Kg6 53. Qc2+ Kf6 54. Rh6+ Ke5 55. Qb2+ Kf4 56. Qf6+ Kg3 57. Qxd6+ Kf2 58. Qb6
1-0

[Event "Manhem Chess Week GM 2011"]
[Site "www.ssmanhem.se"]
[Date "2011.08.18"]
[Round "6"]
[White "Hammer, Jon Ludvig"]
[Black "Smith, Axel"]
[Result "1/2-1/2"]
[WhiteElo "2610"]
[BlackElo "2465"]
[PlyCount "81"]
[EventDate "2011.??.??"]
[SourceDate "2011.08.13"]

1. d4 Nf6 2. c4 e6 3. Nf3 d5 4. Nc3 Bb4 5. cxd5 exd5 6. Bg5 h6 7. Bh4 c5 8. e3
c4 9. Rc1 Bf5 10. Be2 Nc6 11. O-O g5 12. Bg3 Bxc3 13. bxc3 Ne4 14. Ne5 O-O 15.
Nxc6 bxc6 16. f3 Nxg3 17. hxg3 Kg7 18. e4 dxe4 19. Bxc4 Qd6 20. g4 Bg6 21. Qd2
Rae8 22. Rce1 Qg3 23. Qf2 Qxf2+ 24. Kxf2 f5 25. gxf5 Rxf5 26. Kg3 h5 27. fxe4
Rxf1 28. Bxf1 Rxe4 29. Rxe4 Bxe4 30. Kf2 h4 31. g3 hxg3+ 32. Kxg3 Kf6 33. Ba6
Bd5 34. a3 Kf5 35. Bd3+ Be4 36. Be2 Bh1 37. Bd3+ Be4 38. Ba6 Bh1 39. Bd3+ Be4
40. Be2 Bh1 41. Bd3+ 1/2-1/2

[Event "Manhem Chess Week GM 2011"]
[Site "www.ssmanhem.se"]
[Date "2011.08.18"]
[Round "6"]
[White "Hillarp Persson, Tiger"]
[Black "Nithander, Victor"]
[Result "1/2-1/2"]
[WhiteElo "2547"]
[BlackElo "2429"]
[PlyCount "66"]
[EventDate "2011.??.??"]
[SourceDate "2011.08.13"]

1. d4 Nf6 2. c4 g6 3. Nc3 Bg7 4. e4 d6 5. f3 O-O 6. Nge2 c5 7. d5 e6 8. Ng3
exd5 9. cxd5 Re8 10. Be2 a6 11. Bg5 Nbd7 12. Qd2 Qc7 13. Rc1 b5 14. b4 Bb7 15.
a3 Rac8 16. O-O Qb8 17. Rc2 Nb6 18. Rfc1 cxb4 19. axb4 Nc4 20. Bxc4 Rxc4 21.
Nd1 Rxc2 22. Rxc2 Nd7 23. Bh6 Bxh6 24. Qxh6 Bxd5 25. Ne3 Qb6 26. Rd2 Be6 27. h3
Rc8 28. Kh2 Rc1 29. Ngf5 Bxf5 30. exf5 Nf6 31. Qf4 d5 32. g4 Re1 33. Rd4 Qd8
1/2-1/2

[Event "Manhem Chess Week Elo 2011"]
[Site "www.ssmanhem.se"]
[Date "2011.08.18"]
[Round "7"]
[White "Segerberg, Tomas"]
[Black "Berggren Torell, Harald"]
[Result "1/2-1/2"]
[WhiteElo "1978"]
[BlackElo "1972"]
[PlyCount "30"]
[EventDate "2011.??.??"]
[SourceDate "2011.08.13"]

1. c4 f5 2. d4 Nf6 3. Nf3 g6 4. g3 Bg7 5. Bg2 O-O 6. b3 c6 7. Bb2 Ne4 8. O-O d5
9. Nbd2 h6 10. Ne5 Kh7 11. cxd5 cxd5 12. Ndf3 Be6 13. Qd3 Nd7 14. Rfc1 Qb6 15.
e3 Rfc8 1/2-1/2

[Event "Manhem Chess Week GM 2011"]
[Site "www.ssmanhem.se"]
[Date "2011.08.19"]
[Round "7"]
[White "Bejtovic, Jasmin"]
[Black "Semcesen, Daniel"]
[Result "1/2-1/2"]
[WhiteElo "2415"]
[BlackElo "2480"]
[PlyCount "56"]
[EventDate "2011.??.??"]
[SourceDate "2011.08.13"]

1. e4 e5 2. Nf3 Nc6 3. Bc4 Bc5 4. c3 Nf6 5. d3 a6 6. Bb3 Ba7 7. Qe2 d6 8. h3 h6
9. Nbd2 Be6 10. Bc2 Qe7 11. Nf1 d5 12. Ng3 O-O-O 13. exd5 Bxd5 14. Be3 Bxf3 15.
Qxf3 Nd4 16. cxd4 exd4 17. Nf5 Qe5 18. O-O-O dxe3 19. fxe3 g6 20. d4 Qe6 21.
Rhe1 Nd5 22. a3 Kb8 23. Ng3 f5 24. Bb3 Rhe8 25. Kb1 Nc3+ 26. Kc2 Nd5 27. Kb1
Nc3+ 28. Kc2 Nd5 1/2-1/2

[Event "Manhem Chess Week GM 2011"]
[Site "www.ssmanhem.se"]
[Date "2011.08.19"]
[Round "7"]
[White "Nithander, Victor"]
[Black "Richter, Michael"]
[Result "0-1"]
[WhiteElo "2429"]
[BlackElo "2488"]
[PlyCount "80"]
[EventDate "2011.??.??"]
[SourceDate "2011.08.13"]

1. e4 e6 2. d4 d5 3. Nd2 Nf6 4. e5 Nfd7 5. f4 c5 6. c3 Nc6 7. Ndf3 Qb6 8. a3
Be7 9. b4 cxd4 10. cxd4 a6 11. h4 Qc7 12. Bd2 b5 13. Bd3 Nb6 14. Ne2 Nc4 15.
Qc2 h6 16. O-O O-O 17. h5 a5 18. Bxc4 dxc4 19. bxa5 Nxa5 20. Rfb1 Bd7 21. Bb4
Bc6 22. Nd2 Rfd8 23. Qc3 Rdc8 24. Ng3 f5 25. Ngf1 Bd8 26. Ne3 Qf7 27. Rd1 Bb6
28. a4 bxa4 29. Bxa5 Bxa5 30. Qxc4 Bxd2 31. Rxd2 Bxg2 32. Qe2 Be4 33. Rda2 Qe7
34. Qe1 Qe8 35. Qe2 Qd8 36. Rd2 a3 37. Qf2 Rc3 38. Re1 Qe8 39. Qh2 Qa4 40. Nd1
Rc1 0-1

[Event "Manhem Chess Week GM 2011"]
[Site "www.ssmanhem.se"]
[Date "2011.08.19"]
[Round "7"]
[White "Carlhammar, Magnus"]
[Black "Hillarp Persson, Tiger"]
[Result "0-1"]
[WhiteElo "2318"]
[BlackElo "2547"]
[PlyCount "86"]
[EventDate "2011.??.??"]
[SourceDate "2011.08.13"]

1. Nf3 f5 2. d3 Nc6 3. e4 e5 4. Nc3 Nf6 5. exf5 d5 6. d4 exd4 7. Nxd4 Nxd4 8.
Qxd4 Bxf5 9. Qe5+ Qe7 10. Qxe7+ Bxe7 11. Bd3 Bxd3 12. cxd3 c6 13. Bg5 Ng4 14.
Bxe7 Kxe7 15. h3 Ne5 16. Kd2 Rhf8 17. f3 Kd6 18. Rae1 Ng6 19. Rhf1 h5 20. Rf2
h4 21. Ne2 Rf6 22. Nd4 Nf4 23. Ne2 Ne6 24. Nc3 a5 25. Nd1 Nf4 26. Ne3 Ra6 27.
Ng4 Rf8 28. Kc2 Raa8 29. Kd2 Rae8 30. Rxe8 Rxe8 31. Ne3 g6 32. d4 b6 33. b3 c5
34. dxc5+ bxc5 35. Nd1 Re5 36. Ne3 a4 37. Ng4 Re8 38. Ne3 Kc6 39. Nc2 d4 40.
bxa4 Kd5 41. a3 d3 42. Ne3+ Kd4 43. Nd1 Nd5 0-1

[Event "Manhem Chess Week GM 2011"]
[Site "www.ssmanhem.se"]
[Date "2011.08.19"]
[Round "7"]
[White "Berg, Emanuel"]
[Black "Hammer, Jon Ludvig"]
[Result "1/2-1/2"]
[WhiteElo "2604"]
[BlackElo "2610"]
[PlyCount "149"]
[EventDate "2011.??.??"]
[SourceDate "2011.08.13"]

1. e4 e5 2. Nf3 Nc6 3. Bb5 Nf6 4. d3 Bc5 5. Bxc6 dxc6 6. h3 O-O 7. Nbd2 Nd7 8.
O-O Re8 9. Nc4 f6 10. Be3 Bxe3 11. fxe3 Nf8 12. Rf2 Be6 13. Ncd2 c5 14. Qe2 Qd7
15. a4 Rad8 16. b3 a6 17. Nh4 Kh8 18. g4 Qc6 19. Kh2 b5 20. Nf5 c4 21. axb5
axb5 22. bxc4 bxc4 23. dxc4 Rd7 24. Ra3 Red8 25. Rd3 Qa4 26. Rxd7 Nxd7 27. g5
Qxc2 28. Qh5 Bxf5 29. exf5 fxg5 30. Qxg5 Nf6 31. Rg2 Rd7 32. Nf3 Qe4 33. Qg3
Re7 34. Rd2 Qxe3 35. Rd8+ Re8 36. Rxe8+ Nxe8 37. Nxe5 Qe2+ 38. Kg1 Nd6 39. f6
gxf6 40. Ng4 Qd1+ 41. Kg2 Qd2+ 42. Qf2 Qxf2+ 43. Kxf2 Kg7 44. Ne3 c5 45. Kf3
Kf7 46. Kg4 Ke6 47. Kf4 h6 48. h4 h5 49. Nd5 Nxc4 50. Nc7+ Ke7 51. Na6 Ne5 52.
Nxc5 Ng6+ 53. Kg3 Kd6 54. Nd3 Kd5 55. Kf2 Kd4 56. Nc1 Nf4 57. Nb3+ Kd5 58. Nd2
Ne6 59. Nf1 Ng7 60. Ng3 Ke6 61. Kg2 Kd6 62. Kf2 Kd5 63. Ke3 Ke6 64. Kf4 Kf7 65.
Ke4 Kg6 66. Kf4 Ne6+ 67. Ke4 Nc5+ 68. Kf4 Nd3+ 69. Ke4 Ne1 70. Nf5 Ng2 71. Ne7+
Kg7 72. Nf5+ Kh7 73. Ng3 Kg6 74. Nf5 Kf7 75. Ng3 1/2-1/2

[Event "Manhem Chess Week Elo 2011"]
[Site "www.ssmanhem.se"]
[Date "2011.08.19"]
[Round "8"]
[White "Bengtsson, Jonas"]
[Black "Wahlström, Lennart"]
[Result "0-1"]
[WhiteElo "2027"]
[BlackElo "2134"]
[PlyCount "104"]
[EventDate "2011.??.??"]
[SourceDate "2011.08.13"]

1. d4 d5 2. c4 e6 3. Nc3 c5 4. cxd5 exd5 5. Nf3 Nc6 6. g3 Nf6 7. Bg2 Be7 8. O-O
O-O 9. Bg5 cxd4 10. Nxd4 Re8 11. Rc1 Be6 12. Qa4 Qb6 13. Nxc6 bxc6 14. b3 h6
15. Bxf6 Bxf6 16. Rfd1 Rad8 17. Qa3 Bg4 18. Na4 Qa6 19. f3 Bh5 20. Bf1 Bg5 21.
f4 Be7 22. Qb2 Bf6 23. Qc2 Bxe2 24. Bxe2 Rxe2 25. Qxc6 Qxc6 26. Rxc6 Rxa2 27.
Rcc1 d4 28. Nc5 Re8 29. Re1 Ree2 30. Rxe2 Rxe2 31. Rd1 Be7 32. Nd7 Re4 33. Kf2
Bb4 34. Kf3 Re3+ 35. Kf2 Bc3 36. Ne5 Bb2 37. Nc4 Rxb3 38. Rb1 Rb4 39. Nxb2 a5
40. Kf3 f5 41. Rd1 Rxb2 42. Rxd4 Rb6 43. Rd8+ Kh7 44. Ra8 Rb3+ 45. Kg2 Rb2+ 46.
Kf3 Ra2 47. Ra6 a4 48. h3 a3 49. g4 fxg4+ 50. hxg4 Ra1 51. Ke4 g5 52. fxg5 a2
0-1

[Event "Manhem Chess Week Elo 2011"]
[Site "www.ssmanhem.se"]
[Date "2011.08.20"]
[Round "9"]
[White "Wahlström, Lennart"]
[Black "Berggren Torell, Harald"]
[Result "1/2-1/2"]
[WhiteElo "2134"]
[BlackElo "1972"]
[PlyCount "141"]
[EventDate "2011.??.??"]
[SourceDate "2011.08.13"]

1. e4 Nf6 2. e5 Nd5 3. d4 d6 4. Nf3 dxe5 5. Nxe5 g6 6. Bc4 c6 7. Nc3 Be6 8. O-O
Bg7 9. Ne4 Nc7 10. Bb3 O-O 11. Nc5 Bxb3 12. axb3 b6 13. Na4 Ne6 14. Be3 c5 15.
Qf3 Na6 16. Nc6 Qc7 17. d5 Nd4 18. Bxd4 cxd4 19. Qe2 Nb8 20. Qxe7 Nd7 21. Rfe1
Bf6 22. Qb4 Qf4 23. c3 Ne5 24. Nxe5 Bxe5 25. g3 Qf6 26. f4 Bd6 27. Qxd4 Qxd4+
28. cxd4 Bb4 29. Re3 Rfd8 30. Nc3 Bxc3 31. bxc3 Rxd5 32. Rd3 Rb5 33. c4 Rb4 34.
d5 a5 35. d6 Kf8 36. d7 Rd8 37. Kf2 Ke7 38. Re1+ Kf8 39. Ra1 Ke7 40. Re1+ Kf8
41. Re4 a4 42. bxa4 Rxa4 43. Kf3 Ra7 44. Red4 Ke7 45. Re3+ Kf8 46. Rb3 Rdxd7
47. Rxd7 Rxd7 48. Rxb6 Rd2 49. Ke4 Ke7 50. Ke5 f6+ 51. Ke4 Rxh2 52. c5 h5 53.
c6 h4 54. c7 Rc2 55. Rb7 Kd6 56. gxh4 Rc4+ 57. Kd3 Rc1 58. Ke4 Kd7 59. Rb6 Rc4+
60. Kd3 Rxf4 61. Rc6 Kc8 62. h5 gxh5 63. Ke3 Rf5 64. Ke4 Rg5 65. Rxf6 Kxc7 66.
Kf4 Ra5 67. Rh6 Kd7 68. Kg3 Ke7 69. Kh4 Kf7 70. Rxh5 Rxh5+ 71. Kxh5 1/2-1/2

[Event "Manhem Chess Week GM 2011"]
[Site "?"]
[Date "2011.08.20"]
[Round "8"]
[White "Hammer, Jon Ludvig"]
[Black "Bejtovic, Jasmin"]
[Result "1/2-1/2"]
[WhiteElo "2610"]
[BlackElo "2415"]
[PlyCount "90"]
[EventDate "2011.??.??"]
[SourceDate "2011.08.13"]

1. d4 Nf6 2. c4 g6 3. Nc3 Bg7 4. e4 d6 5. Be2 O-O 6. Bg5 Na6 7. f4 c6 8. Qd2
Nc7 9. Bf3 Ne6 10. Bh4 c5 11. dxc5 Nxc5 12. Rd1 Be6 13. b3 Qa5 14. Nge2 a6 15.
O-O Kh8 16. Nd4 Rac8 17. e5 dxe5 18. fxe5 Ng8 19. Ne4 Qxd2 20. Rxd2 b5 21. Nxc5
Rxc5 22. Nxe6 fxe6 23. Bf2 Rxe5 24. c5 Nf6 25. Bb7 Rf5 26. h3 Nd5 27. c6 Be5
28. Rfd1 Nc3 29. Bb6 Nxd1 30. Rxd1 Rb8 31. Bd4 Bxd4+ 32. Rxd4 Rc5 33. Rd7 Kg7
34. Rxe7+ Kf6 35. Rxh7 Rc2 36. Rd7 a5 37. h4 b4 38. Kh2 Rc3 39. Kg1 Rc2 40. Kh2
Rc3 41. g4 Ke5 42. Kg2 Rf8 43. c7 Rc2+ 44. Kg3 Rc3+ 45. Kg2 Rc2+ 1/2-1/2

[Event "Manhem Chess Week GM 2011"]
[Site "?"]
[Date "2011.08.20"]
[Round "8"]
[White "Nithander, Victor"]
[Black "Carlhammar, Magnus"]
[Result "1-0"]
[WhiteElo "2429"]
[BlackElo "2318"]
[PlyCount "107"]
[SourceDate "2011.08.13"]

1. c4 c5 2. g3 g6 3. Bg2 Bg7 4. Nf3 Nc6 5. O-O d6 6. Nc3 e5 7. a3 Nge7 8. b4 e4
9. Ne1 f5 10. Rb1 O-O 11. Nd5 Be6 12. d3 Nxd5 13. cxd5 Bxd5 14. dxe4 Ba2 15.
Rb2 Bxb2 16. Bxb2 fxe4 17. Bxe4 d5 18. Bg2 d4 19. bxc5 Qd7 20. Nc2 Rad8 21. Nb4
Nxb4 22. axb4 Be6 23. Qd3 Bf5 24. Qc4+ Be6 25. Qd3 Bf5 26. Qd2 h5 27. Rd1 Kh7
28. Bxd4 Bg4 29. f3 Bh3 30. Bh1 Qb5 31. e3 Rd7 32. f4 Be6 33. Be4 Bf5 34. Bg2
Re8 35. Bf1 Qc6 36. b5 Qe6 37. Ra1 Rc8 38. Qc3 b6 39. c6 Re7 40. Bc4 Qe4 41.
Qa3 Rcc7 42. Qd6 Bh3 43. Bd5 Qc2 44. Qd8 Rg7 45. Bxg7 Rxg7 46. Bf3 Qb2 47. Qd4
Qxb5 48. Rc1 a5 49. c7 Bc8 50. Be4 Rd7 51. Qf6 Rg7 52. Rc6 Qe2 53. Bxg6+ Kh8
54. Qf8+ 1-0

[Event "Manhem Chess Week GM 2011"]
[Site "?"]
[Date "2011.08.20"]
[Round "8"]
[White "Richter, Michael"]
[Black "Semcesen, Daniel"]
[Result "1/2-1/2"]
[WhiteElo "2488"]
[BlackElo "2480"]
[PlyCount "97"]
[SourceDate "2011.08.13"]

1. d4 f5 2. g3 Nf6 3. Bg2 g6 4. Nf3 Bg7 5. b4 O-O 6. Bb2 Nc6 7. a3 e6 8. Nbd2
Ne4 9. O-O d5 10. c4 Bd7 11. Rc1 Kh8 12. Qc2 Rc8 13. Nb3 b6 14. Nbd2 Be8 15. e3
h6 16. Rfe1 g5 17. Bf1 Nb8 18. Ne5 c6 19. f3 Nxd2 20. Qxd2 Nd7 21. cxd5 Nxe5
22. dxe5 exd5 23. f4 Bf7 24. Bg2 Be6 25. Rc3 gxf4 26. gxf4 Rg8 27. Rec1 Qd7 28.
Qc2 Bf8 29. Rxc6 Bc5 30. Rxc8 Bxe3+ 31. Kh1 Qxc8 32. Qxc8 Bxc8 33. e6+ d4 34.
Re1 Kh7 35. e7 Bd7 36. Rd1 Ba4 37. Re1 Re8 38. Bd5 Kg6 39. Kg2 Bxf4 40. Re6+
Kh7 41. Bxd4 Bg5 42. Bf6 Bxf6 43. Rxf6 Rxe7 44. Rxf5 Kg6 45. Rf3 Re5 46. Bb7
Re7 47. Bd5 Re5 48. Bb7 Re7 49. Bd5 1/2-1/2

[Event "Manhem Chess Week GM 2011"]
[Site "?"]
[Date "2011.08.20"]
[Round "8"]
[White "Hillarp Persson, Tiger"]
[Black "Smith, Axel"]
[Result "0-1"]
[WhiteElo "2547"]
[BlackElo "2465"]
[PlyCount "72"]
[SourceDate "2011.08.13"]

1. e4 e5 2. Nf3 Nc6 3. Bb5 Nf6 4. d3 d6 5. O-O Bd7 6. Re1 Be7 7. c4 O-O 8. h3
a6 9. Bxc6 bxc6 10. d4 exd4 11. Nxd4 c5 12. Nc2 Be6 13. b3 Nd7 14. Nc3 Bf6 15.
Bd2 Nb8 16. Rc1 g6 17. Nd5 Bg7 18. Bc3 Bxc3 19. Nxc3 Nc6 20. Qd2 a5 21. f4 f6
22. Ne3 Nd4 23. Nb5 Nxb5 24. cxb5 a4 25. f5 Bf7 26. Ng4 axb3 27. axb3 g5 28. b4
cxb4 29. Qxb4 Kg7 30. e5 fxe5 31. Rcd1 Qb8 32. Qd2 h6 33. h4 Ra2 34. Qc3 Qa7+
35. Kh2 Qa4 36. Rxe5 Qf4+ 0-1

[Event "Manhem Chess Week GM 2011"]
[Site "?"]
[Date "2011.08.20"]
[Round "8"]
[White "Berg Hansen, Sune"]
[Black "Berg, Emanuel"]
[Result "1/2-1/2"]
[WhiteElo "2574"]
[BlackElo "2604"]
[PlyCount "290"]
[SourceDate "2011.08.13"]

1. e4 c5 2. Nf3 d6 3. Bb5+ Bd7 4. Bxd7+ Qxd7 5. c4 Nf6 6. Nc3 g6 7. O-O Bg7 8.
h3 O-O 9. d3 Nc6 10. Be3 Rfc8 11. Qd2 Ne8 12. Bh6 Bh8 13. Nh4 Bf6 14. Bg5 Bg7
15. Bh6 Bf6 16. Nf3 Bh8 17. Nh2 Nd4 18. f4 f5 19. Rae1 Nc7 20. g4 e6 21. Ne2 b5
22. exf5 exf5 23. Nxd4 Bxd4+ 24. Kh1 Rab8 25. b3 a5 26. Nf3 Bf6 27. Qg2 bxc4
28. dxc4 a4 29. Re3 Re8 30. Rd3 axb3 31. axb3 Rb6 32. Rfd1 fxg4 33. hxg4 Ne6
34. f5 Nd4 35. Nxd4 Bxd4 36. Rf1 Qb7 37. Qxb7 Rxb7 38. Rdf3 Kf7 39. Rh3 gxf5
40. Rxf5+ Ke6 41. Bf4 Rg8 42. Rh6+ Rg6 43. Rxg6+ hxg6 44. Rd5 Rb6 45. Kg2 Bf6
46. Bg3 Ra6 47. Kf3 Rb6 48. Kg2 Bg7 49. Bf4 Bd4 50. Bg3 Be3 51. Kf3 Bh6 52. Rd3
Bg7 53. Kf4 Bf6 54. Re3+ Kd7 55. Ke4 Bd4 56. Rd3 Ke6 57. Bf4 Rb8 58. Rh3 Bf6
59. Rd3 Rb6 60. Rh3 Rb4 61. Rd3 Be7 62. Bd2 Rb8 63. Rh3 Rf8 64. Bf4 Rb8 65. Bd2
Ra8 66. Bf4 Ra1 67. Rd3 Rh1 68. Bg3 Rh3 69. Bf4 Rh4 70. Bg3 Rh1 71. Bf4 Re1+
72. Re3 Rg1 73. Rg3 Rb1 74. Rd3 Kd7 75. Bg3 Rg1 76. Kf3 Kc6 77. Ke4 Rg2 78. Kf3
Ra2 79. Bf4 Ra7 80. Re3 Rb7 81. Rd3 Rb4 82. Bg3 Rb6 83. Ke4 Kd7 84. Bf4 Ke6 85.
Kf3 Bf6 86. Ke4 Bd4 87. Be3 Be5 88. Bf4 Bd4 89. Be3 Bg7 90. Bd2 Rb7 91. Bf4 Bd4
92. Be3 Bxe3 93. Rxe3 Rf7 94. g5 Rf1 95. Rd3 Rf5 96. Rg3 Rf2 97. Rd3 Rf1 98.
Re3 Rf5 99. Rg3 Kd7 100. Rg1 Kc7 101. Rg3 Kb6 102. Rd3 Kc6 103. Rg3 Kb7 104.
Rd3 Kc6 105. Rg3 Kd7 106. Rg1 Ke6 107. Rg3 d5+ 108. cxd5+ Rxd5 109. Ke3 Kf5
110. Rg1 Rd4 111. Rc1 Re4+ 112. Kd3 Rd4+ 113. Ke3 Rd5 114. Rg1 Ke6 115. Rg4
Re5+ 116. Kd3 Kf5 117. Rg1 Kf4 118. Kc4 Re3 119. Rg2 Kf3 120. Rg1 Re5 121. Kb5
Kf4 122. Kc4 Rf5 123. Rg2 Ke4 124. Rg4+ Kf3 125. Rg1 Re5 126. Kb5 Kf4 127. Kc4
Kf5 128. Rg2 Ke6 129. Rg4 Rd5 130. Rg1 Kd6 131. Rg4 Rf5 132. Kd3 Rf3+ 133. Kc4
Rf1 134. Kd3 Rf3+ 135. Ke4 Rf5 136. Kd3 Rf1 137. Ra4 Ke5 138. Ra6 Rd1+ 139. Kc4
Rc1+ 140. Kb5 Rc3 141. Rxg6 Rxb3+ 142. Kxc5 Rg3 143. Rg8 Kf5 144. g6 Rxg6 145.
Rxg6 Kxg6 1/2-1/2

[Event "Manhem Chess Week GM 2011"]
[Site "www.ssmanhem.se"]
[Date "2011.08.21"]
[Round "9"]
[White "Bejtovic, Jasmin"]
[Black "Berg Hansen, Sune"]
[Result "1/2-1/2"]
[WhiteElo "2415"]
[BlackElo "2574"]
[PlyCount "38"]
[EventDate "2011.??.??"]
[SourceDate "2011.08.13"]

1. e4 c5 2. Nc3 Nc6 3. g3 g6 4. Bg2 Bg7 5. d3 d6 6. f4 e5 7. Nh3 exf4 8. Bxf4
Nge7 9. O-O O-O 10. Qd2 Rb8 11. Bh6 b5 12. Bxg7 Kxg7 13. Nf4 b4 14. Ncd5 Nxd5
15. Nxd5 Ne7 16. Nf6 Ng8 17. Nd5 Ne7 18. Nf6 Ng8 19. Nd5 Ne7 1/2-1/2

[Event "Manhem Chess Week GM 2011"]
[Site "www.ssmanhem.se"]
[Date "2011.08.21"]
[Round "9"]
[White "Semcesen, Daniel"]
[Black "Hammer, Jon Ludvig"]
[Result "1/2-1/2"]
[WhiteElo "2480"]
[BlackElo "2610"]
[PlyCount "48"]
[EventDate "2011.??.??"]
[SourceDate "2011.08.13"]

1. d4 Nf6 2. c4 e6 3. Nf3 d5 4. Nc3 c5 5. cxd5 Nxd5 6. g3 Nxc3 7. bxc3 cxd4 8.
cxd4 Bb4+ 9. Bd2 Bxd2+ 10. Qxd2 Bd7 11. Bg2 Bc6 12. O-O O-O 13. Rab1 Nd7 14.
Rfc1 Rc8 15. Ng5 Bxg2 16. Kxg2 Rxc1 17. Rxc1 Nf6 18. Nf3 Ne4 19. Qf4 Nd6 20. e3
Re8 21. Nd2 h6 22. Ne4 Nxe4 23. Qxe4 Qd7 24. Qc2 Qd5+ 1/2-1/2

[Event "Manhem Chess Week Elo 2011"]
[Site "www.ssmanhem.se"]
[Date "2011.08.21"]
[Round "10"]
[White "Berggren Torell, Harald"]
[Black "Bengtsson, Jonas"]
[Result "0-1"]
[WhiteElo "1972"]
[BlackElo "2027"]
[PlyCount "80"]
[EventDate "2011.??.??"]
[SourceDate "2011.08.13"]

1. f4 g6 2. Nf3 Bg7 3. g3 b6 4. Bg2 Bb7 5. O-O e6 6. c3 Ne7 7. Qc2 O-O 8. e4 d5
9. e5 c5 10. d4 cxd4 11. cxd4 Nbc6 12. Be3 Ba6 13. Rd1 Rc8 14. Qd2 Qd7 15. Na3
f6 16. exf6 Bxf6 17. Bf2 Bg7 18. Re1 Nf5 19. Nc2 Nd6 20. Ng5 Rfe8 21. Bh3 Nf5
22. Rad1 Nd8 23. b3 Nf7 24. Nxf7 Qxf7 25. Nb4 Bb5 26. a4 Bd7 27. Bf1 a5 28. Na2
Rc7 29. Rc1 Rec8 30. Rxc7 Rxc7 31. Nc3 Qf6 32. Rd1 Nxd4 33. Bxd4 Qxd4+ 34. Qxd4
Bxd4+ 35. Rxd4 Rxc3 36. Rd3 Rxd3 37. Bxd3 Kf7 38. Kf2 e5 39. Ke3 Kf6 40. h4 Bf5
0-1

[Event "Manhem Chess Week GM 2011"]
[Site "www.ssmanhem.se"]
[Date "2011.08.21"]
[Round "9"]
[White "Smith, Axel"]
[Black "Nithander, Victor"]
[Result "1-0"]
[WhiteElo "2465"]
[BlackElo "2429"]
[PlyCount "49"]
[EventDate "2011.??.??"]
[SourceDate "2011.08.13"]

1. d4 Nf6 2. c4 g6 3. Nc3 Bg7 4. g3 c6 5. e4 d6 6. Bg2 O-O 7. Nf3 Bg4 8. h3
Bxf3 9. Bxf3 Na6 10. h4 e5 11. d5 cxd5 12. cxd5 Nd7 13. h5 Rc8 14. hxg6 hxg6
15. Bg2 Ndc5 16. Kf1 Qb6 17. Kg1 f5 18. exf5 Rxf5 19. Qe2 Rcf8 20. Be3 Qb4 21.
Rh4 e4 22. Nxe4 Qxb2 23. Qxb2 Bxb2 24. Rb1 Ba3 25. Nxd6 1-0

[Event "Manhem Chess Week GM 2011"]
[Site "www.ssmanhem.se"]
[Date "2011.08.21"]
[Round "9"]
[White "Carlhammar, Magnus"]
[Black "Richter, Michael"]
[Result "1-0"]
[WhiteElo "2318"]
[BlackElo "2488"]
[PlyCount "77"]
[EventDate "2011.??.??"]
[SourceDate "2011.08.13"]

1. c4 e6 2. g3 d5 3. Bg2 c6 4. Nf3 Nd7 5. O-O Ngf6 6. d4 dxc4 7. Nfd2 Nb6 8. e3
e5 9. dxe5 Ng4 10. a4 Nxe5 11. Na3 a5 12. h3 Bc5 13. Kh2 h5 14. Be4 Qd7 15. Bg2
h4 16. g4 Qc7 17. f4 Be6 18. fxe5 Qxe5+ 19. Kh1 O-O-O 20. Qe2 Bd6 21. Nf3 Qg3
22. Qf2 f6 23. Qxg3 hxg3 24. Kg1 Bc5 25. Nc2 Nd5 26. Nfd4 Bf7 27. Bd2 Nb4 28.
Nxb4 axb4 29. a5 Kc7 30. Be1 Rxd4 31. exd4 Bxd4+ 32. Kh1 Bxb2 33. Bxg3+ Kc8 34.
Rae1 c3 35. Re7 Bd5 36. Bxd5 Rxh3+ 37. Kg2 Rxg3+ 38. Kxg3 cxd5 39. Rh1 1-0

[Event "Manhem Chess Week Elo 2011"]
[Site "www.ssmanhem.se"]
[Date "2011.08.21"]
[Round "10"]
[White "Segerberg, Tomas"]
[Black "Wahlström, Lennart"]
[Result "0-1"]
[WhiteElo "1978"]
[BlackElo "2134"]
[PlyCount "86"]
[EventDate "2011.??.??"]
[SourceDate "2011.08.13"]

1. c4 e5 2. Nc3 Nf6 3. Nf3 Nc6 4. d4 exd4 5. Nxd4 Bb4 6. Bg5 Bxc3+ 7. bxc3 h6
8. Bh4 Ne5 9. e3 O-O 10. Be2 d6 11. Nb5 Ned7 12. Qd4 a6 13. Bxf6 Nxf6 14. Na3
Qe7 15. O-O d5 16. Nc2 c5 17. Qh4 Bf5 18. Rac1 dxc4 19. Bxc4 b5 20. Be2 Rad8
21. a4 Rd2 22. Bd1 Rfd8 23. axb5 axb5 24. Na3 Bd3 25. Re1 Qe4 26. Qxe4 Nxe4 27.
f3 Nxc3 28. Rxc3 b4 29. Rb3 bxa3 30. Rxa3 c4 31. f4 Be4 32. Bf3 Bxf3 33. gxf3
Rc2 34. e4 Rdd2 35. f5 Rg2+ 36. Kh1 Rxh2+ 37. Kg1 h5 38. f4 c3 39. Re3 Rcg2+
40. Kf1 c2 41. Ra8+ Kh7 42. Rc3 h4 43. Rac8 c1=Q+ 0-1